[Event "mature chess players"]
[Site "SchemingMind.com"]
[Date "2006.12.06"]
[Round "-"]
[White "agrillage"]
[Black "Aumonde"]
[Result "0-1"]
[WhiteCountry "MLT"]
[BlackCountry "USA"]
[WhiteElo "2010"]
[WhiteRD "70"]
[BlackElo "2244"]
[BlackRD "56"]
[GameID "80095"]

1. c4 e5 2. g3 g6 3. Bg2 Bg7 4. Nc3 Ne7 5. e4 Nbc6 6. Nge2 O-O 7. d3 d6 8. O-O a5 9. Be3 f5 10. Nd5 a4
11. Qd2 a3 12. Nxe7+ Qxe7 13. Bg5 Qf7 14. exf5 e4 15. f6 Bxf6 16. Bxf6 Qxf6 17. bxa3 Rxa3 18. dxe4 Be6 19. Rac1 Qf7 20. Qb2 Ra6
21. Qc2 Rfa8 22. Nf4 Rxa2 23. Qb3 Nd4 24. Qxb7 Bxc4 25. e5 c6 26. Qxf7+ Bxf7 27. e6 Be8 28. Rcd1 R8a4 29. h4 h6 30. Rfe1 g5
31. hxg5 hxg5 32. Nh3 g4 33. Nf4 d5 34. Rb1 Kg7 35. Rb8 Ra8 36. Rb4 Nc2 37. Rb7+ Kf6 38. Reb1 Nd4 39. R7b4 Ra1 40. Rxa1 Rxa1+
41. Kh2 Nxe6 42. Nxe6 Kxe6 43. Rxg4 Kd6 44. Rg8 Re1 45. g4 d4 46. g5 d3 47. g6 d2 48. Bf3 Ke7 49. Rg7+ Kf6 50. Rg8 c5
51. g7 c4 52. Rf8+ Kxg7 53. Rf4 Bb5
0-1

[Event "mature chess players"]
[Site "SchemingMind.com"]
[Date "2006.12.05"]
[Round "-"]
[White "agrillage"]
[Black "Miael_"]
[Result "1-0"]
[WhiteCountry "MLT"]
[BlackCountry "ARG"]
[WhiteElo "2069"]
[WhiteRD "75"]
[BlackElo "1647"]
[BlackRD "71"]
[GameID "80096"]

1. c4 Nf6 2. g3 d5 3. cxd5 Nxd5 4. Bg2 g6 5. Nc3 Nxc3 6. bxc3 Bg7 7. Rb1 c6 8. Nf3 O-O 9. O-O Nd7 10. Qc2 e5
11. d3 Nc5 12. Ba3 b6 13. d4
1-0

[Event "mature chess players"]
[Site "SchemingMind.com"]
[Date "2006.12.04"]
[Round "-"]
[White "agrillage"]
[Black "mebalse"]
[Result "1-0"]
[WhiteCountry "MLT"]
[BlackCountry "URU"]
[WhiteElo "2069"]
[WhiteRD "75"]
[BlackElo "1888"]
[BlackRD "81"]
[GameID "80097"]

1. c4 d5 2. cxd5 Qxd5 3. Nc3 Qa5 4. g3 c6 5. Bg2 Be6 6. Nf3 Nf6 7. O-O Nbd7 8. d4 Bf5 9. Bd2 e6 10. e4 Bg6
11. Re1 Qc7 12. Rc1 e5 13. dxe5 Nxe5 14. Nd5 Nxf3+ 15. Bxf3 Qd8 16. Bg5 Qd7 17. Bxf6 cxd5 18. exd5+ Be7 19. Rxe7+
1-0

[Event "mature chess players"]
[Site "SchemingMind.com"]
[Date "2006.12.04"]
[Round "-"]
[White "agrillage"]
[Black "ekulrac"]
[Result "1-0"]
[WhiteCountry "MLT"]
[BlackCountry "SCO"]
[WhiteElo "2069"]
[WhiteRD "75"]
[BlackElo "1702"]
[BlackRD "59"]
[GameID "80098"]

1. c4 e5 2. g3 Nf6 3. Bg2 c6 4. d4 Bb4+ 5. Bd2 Bxd2+ 6. Qxd2 e4 7. Nc3 d5 8. cxd5 cxd5 9. f3 O-O 10. fxe4 dxe4
11. Nxe4 Nxe4 12. Bxe4 f5 13. Bc2 Nc6 14. Nf3 a5 15. O-O-O a4 16. d5 Na5 17. Bxa4 Qd6 18. Qd4 f4 19. Kb1 Bf5+ 20. Ka1 b5
21. Qxf4 Qc5 22. e4 bxa4 23. exf5 Nb3+ 24. Kb1 a3 25. Rhe1 axb2 26. Qe3 Qxe3 27. Rxe3 Nc5 28. g4 Rfc8 29. Ne5 Na4 30. Nc6
1-0

[Event "mature chess players"]
[Site "SchemingMind.com"]
[Date "2006.12.04"]
[Round "-"]
[White "rabbit"]
[Black "agrillage"]
[Result "0-1"]
[WhiteCountry "USA"]
[BlackCountry "MLT"]
[WhiteElo "1943"]
[WhiteRD "74"]
[BlackElo "2010"]
[BlackRD "70"]
[GameID "80099"]

1. e4 c5 2. c3 g6 3. Nf3 Bg7 4. d4 cxd4 5. cxd4 d5 6. Nc3 dxe4 7. Nxe4 Bf5 8. Ng3 Bg4 9. Bb5+ Nd7 10. O-O Nf6
11. h3 Be6 12. Re1 O-O 13. Ng5 Bd5 14. Bf4 a6 15. Bd3 Bc6 16. Nf3 Nd5 17. Bd2 Rc8 18. Qb3 Qc7 19. Rac1 e6 20. Ne4 Rfd8
21. Bg5 Re8 22. Bc4 N5f6 23. Nxf6+ Bxf6 24. Bxf6 Nxf6 25. Ne5 Qd6 26. Qb6 Nd7 27. Nxd7 Qxd7 28. Bb3 Qd8 29. Qc5 Qf6 30. Red1 Red8
31. Qe5 Kg7 32. Qe3 Rd6 33. Rd2 Rcd8 34. Rc4 R8d7 35. Bc2 Qd8
0-1

[Event "mature chess players"]
[Site "SchemingMind.com"]
[Date "2006.12.04"]
[Round "-"]
[White "Gambiteer"]
[Black "agrillage"]
[Result "1-0"]
[WhiteCountry "ENG"]
[BlackCountry "MLT"]
[WhiteElo "2139"]
[WhiteRD "62"]
[BlackElo "2010"]
[BlackRD "70"]
[GameID "80100"]

1. d4 c5 2. d5 g6 3. c4 Bg7 4. Nc3 d6 5. e4 e6 6. Bd3 Ne7 7. Nge2 O-O 8. O-O a6 9. Bf4 exd5 10. exd5 Nf5
11. Qd2 Re8 12. Rae1 f6 13. Bxf5 Bxf5 14. Ng3 Rxe1 15. Rxe1 Bc8 16. Bxd6 Qxd6 17. Re8+ Kf7 18. Nce4 Qd7 19. Rxc8 Bf8 20. Rxf8+ Kxf8
21. Nxf6 Qe7 22. Qh6+ Qg7 23. Qf4 Qf7 24. Nge4 Kg7 25. Qe5 Kf8 26. Nxc5 Qe7 27. Ne6+ Kf7 28. Nxh7 Nd7 29. Qg7+ Ke8 30. Qh8+
1-0

[Event "mature chess players"]
[Site "SchemingMind.com"]
[Date "2006.12.06"]
[Round "-"]
[White "Aumonde"]
[Black "agrillage"]
[Result "1-0"]
[WhiteCountry "USA"]
[BlackCountry "MLT"]
[WhiteElo "2212"]
[WhiteRD "60"]
[BlackElo "2069"]
[BlackRD "75"]
[GameID "80101"]

1. d4 c5 2. d5 g6 3. e4 Bg7 4. Nc3 d6 5. Nf3 Nf6 6. Bb5+ Bd7 7. a4 O-O 8. O-O Bxb5 9. axb5 Nbd7 10. Qe2 Ne8
11. Bf4 Nc7 12. Rfe1 Nb6 13. Rad1 Qd7 14. e5 c4 15. Be3 Nxb5 16. Bxb6 Nxc3 17. bxc3 axb6 18. Qxc4 Rfc8 19. Qb3 Qc7 20. exd6 exd6
21. c4 Qxc4 22. Re8+
1-0

[Event "mature chess players"]
[Site "SchemingMind.com"]
[Date "2006.12.06"]
[Round "-"]
[White "Miael_"]
[Black "agrillage"]
[Result "0-1"]
[WhiteCountry "ARG"]
[BlackCountry "MLT"]
[WhiteElo "1647"]
[WhiteRD "71"]
[BlackElo "2069"]
[BlackRD "75"]
[GameID "80102"]

1. e4 c5 2. c3 g6 3. d4 cxd4 4. cxd4 d5 5. e5 Bg7 6. Nf3 Bg4 7. Be2 Nc6 8. h3 Bxf3 9. Bxf3 e6 10. Nc3 Nge7
11. O-O O-O
0-1

[Event "mature chess players"]
[Site "SchemingMind.com"]
[Date "2006.12.04"]
[Round "-"]
[White "mebalse"]
[Black "agrillage"]
[Result "0-1"]
[WhiteCountry "URU"]
[BlackCountry "MLT"]
[WhiteElo "1888"]
[WhiteRD "81"]
[BlackElo "2069"]
[BlackRD "75"]
[GameID "80103"]

1. f4 g6 2. e4 Bg7 3. d4 c5 4. d5 d6 5. c4 e6 6. Nc3 exd5 7. exd5 Nh6 8. Nge2 O-O 9. h3 Nf5 10. g3 Re8
11. Kf2 Nd7 12. Bg2 a6 13. Qb3 Nf6 14. g4 Nh4 15. Bd2 b5 16. Ng3 bxc4 17. Qxc4 Rb8 18. b3 Rb4 19. Qf1 Nxg4+ 20. hxg4 Bd4+
0-1

[Event "mature chess players"]
[Site "SchemingMind.com"]
[Date "2006.12.04"]
[Round "-"]
[White "ekulrac"]
[Black "agrillage"]
[Result "0-1"]
[WhiteCountry "SCO"]
[BlackCountry "MLT"]
[WhiteElo "1702"]
[WhiteRD "59"]
[BlackElo "2069"]
[BlackRD "75"]
[GameID "80104"]

1. e4 c5 2. Nf3 g6 3. Bc4 Bg7 4. d4 cxd4 5. Nxd4 Qa5+ 6. c3 Nf6 7. Qe2 Nc6 8. O-O O-O 9. Rd1 d6 10. f3 Bd7
11. Be3 Rac8 12. Bb3 a6 13. Na3 b5 14. Bc2 Ne5 15. Qd2 Qc7 16. Bh6 Qb7 17. Bxg7 Kxg7 18. Qf2 a5 19. Bd3 Nxd3 20. Rxd3 Rc7
21. Qg3 b4 22. Nac2 bxc3 23. bxc3 e5 24. Nf5+ Bxf5 25. exf5 Qb2
0-1

[Event "mature chess players"]
[Site "SchemingMind.com"]
[Date "2006.12.05"]
[Round "-"]
[White "DeekMan"]
[Black "rabbit"]
[Result "1-0"]
[WhiteCountry "SCO"]
[BlackCountry "USA"]
[WhiteElo "2101"]
[WhiteRD "77"]
[BlackElo "1943"]
[BlackRD "74"]
[GameID "80126"]

1. d4 d5 2. Nc3 Nf6 3. Nf3 g6 4. e3 Bg7 5. Bd3 O-O 6. O-O Nc6 7. Ne5 Nb4 8. Bd2 Nxd3 9. cxd3 Qd6 10. Qb3 a6
11. f4 b6 12. Rac1 c5 13. Na4 Rb8 14. dxc5 bxc5 15. Qa3 Nd7 16. d4 c4 17. Bc3 Qxa3 18. bxa3 Nxe5 19. fxe5 f6 20. exf6 Rxf6
21. Rxf6 exf6 22. Nc5 f5 23. Kf2 Rb6 24. Kf3 Bf8 25. Bb4 Bh6 26. Na4 Re6 27. Bd2 Re7 28. Nc5 Kf7 29. Kf2 Bg7 30. g3 g5
31. Bc3 h5 32. Rb1 Rc7 33. Rb8 Rc6 34. Nb7 Ke8 35. Nd6+ Rxd6 36. Rxc8+ Kd7 37. Rb8 Kc7 38. Ra8 Kb7 39. Re8 Bf6 40. Rf8 Kb6
41. Rf7 h4 42. gxh4 gxh4 43. a4 a5 44. Rf8
1-0

[Event "mature chess players"]
[Site "SchemingMind.com"]
[Date "2006.12.05"]
[Round "-"]
[White "DeekMan"]
[Black "agrillage"]
[Result "1-0"]
[WhiteCountry "SCO"]
[BlackCountry "MLT"]
[WhiteElo "2101"]
[WhiteRD "77"]
[BlackElo "2010"]
[BlackRD "70"]
[GameID "80127"]

1. e4 c5 2. Nf3 g6 3. d4 cxd4 4. Nxd4 Bg7 5. Nc3 Nc6 6. Be3 Nf6 7. Bc4 O-O 8. O-O d6 9. h3 Bd7 10. Nf3 Rc8
11. Qe2 a6 12. Rfd1 b5 13. Bb3 Qe8 14. Bg5 b4 15. Nd5 Nxd5 16. exd5 Ne5 17. Nd4 h6 18. Be3 Bb5 19. Qd2 a5 20. Bxh6 a4
21. Bxg7 Kxg7 22. f4 axb3 23. fxe5 dxe5 24. Nxb3 Rc4 25. a3 Qc8 26. Qe2 f6 27. axb4 Rxb4 28. Qf2 Rc4 29. Rd2 Bd7 30. Ra7 Rf7
31. Na5 Rf4 32. Qb6 Bxh3 33. Qe3 Bd7 34. c4 Rh4 35. g3 Rh3 36. c5 Qh8 37. Qf3 Qh6 38. Nc4 e4 39. Qf4 Rh1+ 40. Kf2 Qh3
41. Ke3 Rg1 42. Kd4 Bf5 43. Ra3 g5 44. Qf2 Rh1 45. g4 Qh4 46. Qxf5 Rg1 47. Ne5 fxe5+ 48. Qxe5+ Kg6 49. Ra8 Qh7 50. Ra6+ Rf6
51. Qxe4+ Kg7 52. Qxe7+ Rf7 53. Qxg5+
1-0

[Event "mature chess players"]
[Site "SchemingMind.com"]
[Date "2006.12.06"]
[Round "-"]
[White "DeekMan"]
[Black "Gambiteer"]
[Result "0-1"]
[WhiteCountry "SCO"]
[BlackCountry "ENG"]
[WhiteElo "2101"]
[WhiteRD "77"]
[BlackElo "2139"]
[BlackRD "62"]
[GameID "80128"]

1. d4 Nf6 2. c4 e6 3. Nc3 Bb4 4. e3 c5 5. Bd3 Nc6 6. Nf3 Bxc3+ 7. bxc3 d6 8. O-O O-O 9. Rb1 b6 10. d5 Ne7
11. e4 Ng6 12. h3 Bb7 13. Bg5 h6 14. Bxf6 Qxf6 15. Qd2 Nf4 16. Qe3 Rae8 17. dxe6 Rxe6 18. Rfe1 Rfe8 19. e5 dxe5 20. Be4 Bxe4
21. Qxe4 Qg6 22. Qxg6 Rxg6 23. Nh4 Rd6 24. Rbd1 Ne2+ 25. Kf1 Rxd1 26. Rxd1 Nxc3 27. Rd7 g6 28. Rxa7 e4 29. Rb7 Ra8 30. Rxb6 Rxa2
31. Ke1 Ra4 32. Rb2 Rxc4 33. Rc2 e3 34. fxe3 Rxh4 35. Rxc3 Rh5 36. Ke2 Kg7 37. e4 Re5 38. Kd3 Kf6 39. h4 g5 40. hxg5+ Kxg5
41. Rc2 h5 42. Rb2 f5 43. exf5 Kxf5 44. Kc4 Kf4 45. Rb7 Rg5 46. Rb2 Kg3 47. Rc2 h4 48. Kd3 Rg4 49. Ke3 c4 50. Re2 Kh2
51. Rc2 Rg3+ 52. Kf4 c3 53. Ke4 Kg1 54. Kf4 Kf1
0-1

[Event "mature chess players"]
[Site "SchemingMind.com"]
[Date "2006.12.06"]
[Round "-"]
[White "DeekMan"]
[Black "Aumonde"]
[Result "1/2-1/2"]
[WhiteCountry "SCO"]
[BlackCountry "USA"]
[WhiteElo "2101"]
[WhiteRD "77"]
[BlackElo "2244"]
[BlackRD "56"]
[GameID "80129"]

1. c4 e5 2. Nc3 Nc6 3. Nf3 Nf6 4. d4 exd4 5. Nxd4 Bb4 6. Nxc6 bxc6 7. e3 Bxc3+ 8. bxc3 O-O 9. Bd3 d6 10. O-O Re8
11. Ba3 Ng4 12. Be2 Qh4 13. h3 Nf6 14. Qa4 c5 15. Qc6 Be6 16. Qxc7 Bxc4 17. Bxc4 Qxc4 18. Qxd6 Ne4 19. Qd1 Rad8 20. Qc2 Rd3
21. Rac1 h6 22. Qe2 Red8 23. Qg4 Rd2 24. Rb1 Re8 25. Rb2 Qxc3 26. Rxd2 Qxd2 27. Qd1 Qa5 28. Qd3 c4 29. Qd7 Nf6 30. Qd6 Rc8
31. Rb1 Qf5 32. Rb8 Rxb8 33. Qxb8+ Kh7 34. Qxa7 Qb1+ 35. Kh2 Qxa2 36. f3 Nd5 37. Qc5 c3 38. Bc1 Qb3 39. e4 Qb8+ 40. g3 Qb1
41. Qxd5 Qc2+ 42. Kg1 Qxc1+ 43. Kf2 Qb2+ 44. Ke3 Qb8 45. Kd3 Kg8 46. Qd7 g6 47. Kxc3 Qxg3 48. Qd8+ Kh7 49. Qf6 Qe1+ 50. Kd3 Qd1+
51. Ke3 Kg8 52. e5 Qe1+ 53. Kd4 Qd2+ 54. Kc5 Qd7 55. h4 Qd3 56. e6=
1/2-1/2

[Event "mature chess players"]
[Site "SchemingMind.com"]
[Date "2006.12.05"]
[Round "-"]
[White "DeekMan"]
[Black "Miael_"]
[Result "1-0"]
[WhiteCountry "SCO"]
[BlackCountry "ARG"]
[WhiteElo "2070"]
[WhiteRD "118"]
[BlackElo "1647"]
[BlackRD "71"]
[GameID "80130"]

1. c4 Nf6 2. d4 e6 3. Nf3 d5 4. Nc3 Be7 5. e3 c5 6. Bd3 O-O 7. O-O Nc6 8. a3 a6 9. cxd5 exd5 10. dxc5 Bxc5
11. Qc2
1-0

[Event "mature chess players"]
[Site "SchemingMind.com"]
[Date "2006.12.05"]
[Round "-"]
[White "DeekMan"]
[Black "mebalse"]
[Result "1-0"]
[WhiteCountry "SCO"]
[BlackCountry "URU"]
[WhiteElo "2101"]
[WhiteRD "77"]
[BlackElo "1904"]
[BlackRD "82"]
[GameID "80131"]

1. e4 e5 2. Nf3 Nc6 3. Nc3 Bc5 4. d3 d6 5. Na4 Bb6 6. Nxb6 axb6 7. Be2 Nf6 8. O-O Be6 9. Be3 O-O 10. Ng5 Bxa2
11. b3 Ra7 12. f4 Qe7 13. fxe5 dxe5 14. Qe1 Rfa8 15. Qh4 h6 16. Nf3 Nb4 17. Bd1 Ra5 18. Nd2 Nfd5 19. Qxe7 Nxe7 20. Nc4 Bxb3
21. Nxa5 Bxc2 22. Bxc2 Nxc2 23. Nc6 Rxa1 24. Nxe7+ Kf8 25. Ng6+ Ke8 26. Rxa1 Nxa1 27. Nxe5 Nc2 28. Bf2 b5 29. Kf1 Ke7 30. Ke2 Ke6
31. Nf3 b4 32. Kd2 Na3 33. Bc5 g6 34. Nd4+ Ke5 35. Ke3 c6 36. Bxb4 Nb5 37. Nxb5 cxb5 38. d4+
1-0

[Event "mature chess players"]
[Site "SchemingMind.com"]
[Date "2006.12.05"]
[Round "-"]
[White "DeekMan"]
[Black "ekulrac"]
[Result "1-0"]
[WhiteCountry "SCO"]
[BlackCountry "SCO"]
[WhiteElo "2070"]
[WhiteRD "118"]
[BlackElo "1702"]
[BlackRD "59"]
[GameID "80132"]

1. d4 Nf6 2. c4 g6 3. Nf3 Bg7 4. Nc3 O-O 5. e4 d6 6. Be2 Nbd7 7. O-O c5 8. d5 h6 9. h3 Nh7 10. Bf4 Nhf6
11. Qd2 Kh7 12. a3 Ng8 13. Bd3 f6 14. b4 a6 15. Be2 b6 16. Rab1 Ne5 17. bxc5 bxc5 18. Na4 Bd7 19. Nb6 Rb8 20. Nxd7 Qxd7
21. Qc3 g5 22. Bg3 Qc7 23. h4 Rxb1 24. Rxb1 Rb8 25. Rxb8 Qxb8 26. Qc2 a5 27. Bxe5 dxe5 28. Nd2 Qc8 29. Qa4 f5 30. hxg5 hxg5
31. Qxa5 fxe4 32. Nxe4 Qf5 33. Bd3 Qf4 34. Nxg5+ Kh8 35. Ne4 Nh6 36. Qxc5 Ng4 37. Qc8+ Bf8 38. g3 Qf3 39. Be2 Qxe2 40. Qxf8+ Kh7
41. Qxe7+ Kh6 42. Qg5+ Kh7 43. Qxg4
1-0

[Event "mature chess players"]
[Site "SchemingMind.com"]
[Date "2006.12.05"]
[Round "-"]
[White "rabbit"]
[Black "DeekMan"]
[Result "0-1"]
[WhiteCountry "USA"]
[BlackCountry "SCO"]
[WhiteElo "1943"]
[WhiteRD "74"]
[BlackElo "2101"]
[BlackRD "77"]
[GameID "80133"]

1. e4 Nf6 2. e5 Nd5 3. d4 d6 4. Nf3 Bg4 5. Be2 Nc6 6. O-O dxe5 7. dxe5 e6 8. c4 Nb6 9. Nc3 Bc5 10. Bg5 Qxd1
11. Raxd1 O-O 12. Rfe1 h6 13. Be3 Bxe3 14. fxe3 Rfd8 15. Nb5 Bxf3 16. gxf3 Nxe5 17. Nxc7 Rxd1 18. Rxd1 Rc8 19. Nb5 Nexc4 20. Bxc4 Nxc4
21. Rc1 Nb6 22. Rxc8+ Nxc8 23. Kf2 g5 24. Ke2 Kg7 25. Kd3 Kf6 26. f4 gxf4 27. exf4 Kf5 28. Ke3 Kg4 29. Nd4 Nd6 30. b4 Nf5+
31. Nxf5 exf5 32. Kf2 Kxf4 33. a4 Ke4 34. b5 b6 35. Ke2 f4 36. h4 f3+
0-1

[Event "mature chess players"]
[Site "SchemingMind.com"]
[Date "2006.12.05"]
[Round "-"]
[White "agrillage"]
[Black "DeekMan"]
[Result "1-0"]
[WhiteCountry "MLT"]
[BlackCountry "SCO"]
[WhiteElo "2010"]
[WhiteRD "70"]
[BlackElo "2101"]
[BlackRD "77"]
[GameID "80134"]

1. c4 Nf6 2. g3 e5 3. Bg2 Nc6 4. Nc3 Bc5 5. a3 d6 6. e3 O-O 7. Nge2 Bg4 8. h3 Be6 9. d4 exd4 10. exd4 Nxd4
11. Nxd4 Bxc4 12. Be3 c6 13. b3 Bd5 14. Nxd5 Nxd5 15. Bxd5 cxd5 16. b4 Bb6 17. O-O Re8 18. Nf5 Re5 19. Bxb6 Qxb6 20. Ne3 Qb5
21. Qd4 Qd7 22. Qg4 Qe6 23. Rad1 Re8 24. Rd4 Re4 25. Qd1 Qxh3 26. Nxd5 Qd7 27. Rxe4 Rxe4 28. Re1 Rxe1+ 29. Qxe1 h6 30. Qe7 Qxe7
31. Nxe7+ Kf8 32. Nc8 d5 33. Nxa7 Ke7 34. Nb5 g5 35. g4 Ke6 36. f3 Ke5 37. Kf2 d4 38. a4 Kd5 39. a5 Kc4 40. Nd6+ Kxb4
41. Nxb7 Kb5 42. Ke2 f6 43. Kd3 Ka6 44. Nd6 Kxa5 45. Kxd4
1-0

[Event "mature chess players"]
[Site "SchemingMind.com"]
[Date "2006.12.05"]
[Round "-"]
[White "Gambiteer"]
[Black "DeekMan"]
[Result "1-0"]
[WhiteCountry "ENG"]
[BlackCountry "SCO"]
[WhiteElo "2139"]
[WhiteRD "62"]
[BlackElo "2101"]
[BlackRD "77"]
[GameID "80135"]

1. c4 Nf6 2. b4 e6 3. a3 a5 4. b5 b6 5. Nc3 Bd6 6. e4 Bb7 7. Bd3 O-O 8. Nf3 Ng4 9. Bc2 f5 10. d4 e5
11. Bg5 Qe8 12. d5 f4 13. Bh4 h6 14. Qe2 Be7 15. Bxe7 Qxe7 16. h3 Nf6 17. O-O d6 18. Nh4 Qf7 19. Nf5 Bc8 20. Rad1 Bxf5
21. exf5 Nbd7 22. g3 Rae8 23. g4 Nc5 24. f3 Kh8 25. h4 Ra8 26. Qh2 Ng8 27. Kh1 a4 28. h5 Nf6 29. Rb1 Ra7 30. Qh4 Re8
31. Ne4 Nfxe4 32. Bxe4 Nb3 33. Rb2 Na5 34. Rc2 Rf8= 35. Rg1 Raa8 36. g5 Qe7 37. f6 gxf6 38. gxh6 Rf7 39. Rcg2 f5 40. Qxe7 Rxe7
41. Rg7 Rae8 42. Bxf5 Nxc4 43. Bg6 Nxa3 44. Bxe8 Rxe8 45. Rd7 Rg8 46. Rgg7 Rxg7 47. hxg7+
1-0

[Event "mature chess players"]
[Site "SchemingMind.com"]
[Date "2006.12.06"]
[Round "-"]
[White "Aumonde"]
[Black "DeekMan"]
[Result "1-0"]
[WhiteCountry "USA"]
[BlackCountry "SCO"]
[WhiteElo "2244"]
[WhiteRD "56"]
[BlackElo "2101"]
[BlackRD "77"]
[GameID "80136"]

1. c4 Nf6 2. Nc3 e5 3. g3 Nc6 4. Bg2 Bc5 5. e3 O-O 6. Nge2 d6 7. O-O Be6 8. d4 exd4 9. exd4 Nxd4 10. Nxd4 Bxc4
11. Re1 c6 12. Be3 Bb4 13. Rc1 d5 14. a3 Bd6 15. Nf5 Re8 16. Nxd6 Qxd6 17. Na4 Bb5 18. Nc5 b6 19. a4 bxc5 20. Bxc5 Rxe1+
21. Qxe1 Qb8 22. axb5 Qxb5 23. Bd4 Re8 24. Qc3 a5 25. Bf1 Ne4 26. Qxc6 Qxc6 27. Rxc6 h6 28. Kg2 Nd2 29. Bb5 Nb3 30. Rc3 Re4
31. Rc8+ Kh7 32. Bc3 d4 33. Bd3 f5 34. Bxe4 fxe4 35. Be1 Kg6 36. Ra8 Kf5 37. Bxa5 Ke6 38. Bb4 h5 39. Rd8 Kf6 40. Kh3 Kg5
41. Rd7 Kf6 42. Kh4 g6 43. Rd6+ Kf5 44. h3
1-0

[Event "mature chess players"]
[Site "SchemingMind.com"]
[Date "2006.12.05"]
[Round "-"]
[White "Miael_"]
[Black "DeekMan"]
[Result "0-1"]
[WhiteCountry "ARG"]
[BlackCountry "SCO"]
[WhiteElo "1647"]
[WhiteRD "71"]
[BlackElo "2070"]
[BlackRD "118"]
[GameID "80137"]

1. e4 Nc6 2. d4 e5 3. Nf3 exd4 4. Nxd4 Nf6 5. Nxc6 bxc6 6. e5 Qe7 7. Qe2 Nd5 8. h3 Qe6 9. g3 Bc5 10. a3 O-O
11. Bd2 Ba6
0-1

[Event "mature chess players"]
[Site "SchemingMind.com"]
[Date "2006.12.05"]
[Round "-"]
[White "mebalse"]
[Black "DeekMan"]
[Result "0-1"]
[WhiteCountry "URU"]
[BlackCountry "SCO"]
[WhiteElo "1904"]
[WhiteRD "82"]
[BlackElo "2101"]
[BlackRD "77"]
[GameID "80138"]

1. d4 Nf6 2. c4 e6 3. a3 Be7 4. Nc3 O-O 5. e4 d5 6. e5 Ne4 7. Qc2 Nxc3 8. bxc3 c5 9. Nf3 Nc6 10. Bd3 dxc4
11. Bxh7+ Kh8 12. Be4 cxd4 13. Bxc6 bxc6 14. cxd4 Ba6 15. O-O Rb8 16. Rd1 Rb3 17. Bb2 Qa5 18. Rdb1 Rfb8 19. Nd2 Rd3 20. Nxc4 Bxc4
21. Qxc4 Qd2 22. Qxc6 Rdb3 23. Qd7 R3b7 24. Qa4 Rxb2 25. Rf1 a5 26. Rad1 Qc3 27. d5 Qxe5 28. dxe6 fxe6 29. Rde1 Qf5 30. Qc4 Bc5
31. Re2 Rb1 32. g3 Rxf1+ 33. Kxf1 Qf3 34. Ke1 Rb1+ 35. Kd2 Qxa3
0-1

[Event "mature chess players"]
[Site "SchemingMind.com"]
[Date "2006.12.05"]
[Round "-"]
[White "ekulrac"]
[Black "DeekMan"]
[Result "0-1"]
[WhiteCountry "SCO"]
[BlackCountry "SCO"]
[WhiteElo "1702"]
[WhiteRD "59"]
[BlackElo "2070"]
[BlackRD "118"]
[GameID "80139"]

1. e4 Nc6 2. Nf3 e5 3. Bb5 a6 4. Bxc6 dxc6 5. O-O Qd6 6. d3 Be6 7. Be3 Nf6 8. Nbd2 Be7 9. d4 Ng4 10. dxe5 Nxe5
11. Nxe5 Qxe5 12. f4 Qxb2 13. Rb1 Qc3 14. Rf3 Bc5 15. Bxc5 Qxc5+ 16. Kh1 O-O-O 17. Qe2 Qxc2
0-1

[Event "mature chess players"]
[Site "SchemingMind.com"]
[Date "2006.12.04"]
[Round "-"]
[White "Tanis"]
[Black "rabbit"]
[Result "1-0"]
[WhiteCountry "CHN"]
[BlackCountry "USA"]
[WhiteElo "2000"]
[WhiteRD "77"]
[BlackElo "1943"]
[BlackRD "74"]
[GameID "80143"]

1. e4 c6 2. d4 d5 3. Nc3 dxe4 4. Nxe4 Nd7 5. Nf3 Ngf6 6. Nxf6+ Nxf6 7. c3 Bg4 8. Be2 e6 9. O-O Be7 10. Re1 O-O
11. h3 Bf5 12. Ne5 Bd6 13. Bg5 h6 14. Bxf6 gxf6 15. Nc4 Bf4 16. Bf3 Qc7 17. Qe2 b5 18. Ne3 Bg6 19. g3 Bd6 20. a4 a6
21. Ng4 Be7 22. Nxh6+ Kg7 23. Ng4 Rh8 24. axb5 axb5 25. Bg2 Rad8 26. Ra6 c5 27. Rc6 Qa7 28. d5 b4 29. cxb4 cxb4 30. dxe6 Bd3
31. Qf3 Bb5 32. Ne5 Rd4 33. Qf5
1-0

[Event "mature chess players"]
[Site "SchemingMind.com"]
[Date "2006.12.04"]
[Round "-"]
[White "Tanis"]
[Black "agrillage"]
[Result "0-1"]
[WhiteCountry "CHN"]
[BlackCountry "MLT"]
[WhiteElo "1974"]
[WhiteRD "80"]
[BlackElo "2012"]
[BlackRD "71"]
[GameID "80144"]

1. e4 c5 2. Nf3 g6 3. d4 cxd4 4. Qxd4 Nf6 5. Bb5 Nc6 6. Bxc6 dxc6 7. Qxd8+ Kxd8 8. Nc3 Nd7 9. Bf4 f6 10. O-O-O e5
11. Be3 Kc7 12. Rd3 Nc5 13. Rd2 b5 14. Rhd1 b4 15. Bxc5 bxc3 16. Bd6+ Bxd6 17. Rxd6 cxb2+ 18. Kxb2 Rf8 19. h3 Rb8+ 20. Kc3 Rb6
21. Nh2 c5 22. R6d5 Rc6 23. a3 Be6 24. R5d3 Ra6 25. Ra1 Ra4 26. f3 h5 27. Nf1 Bc4 28. Rdd1 Be2 29. Rd5 Rc4+ 30. Kd2 Bxf1
31. Rxf1 Rb8 32. Kd3 Rd4+ 33. Rxd4 cxd4 34. Rc1 Kd6 35. c3 Rb3 36. Kc4 Rxa3 37. cxd4 exd4 38. Kxd4= Ra2 39. Rb1 Rd2+ 40. Ke3 Ra2
41. Kd4 Ra4+ 42. Kc3 Ke5 43. Kb3 Ra6 44. Rd1 Kf4 45. Kc4 h4 46. Rd2 g5 47. Re2 Kg3 48. Kd5 Rb6 49. Rd2 a5 50. Ra2 Ra6
51. Kc5 a4 52. Kd5 a3 53. Kc5 Ra8 54. Kd6 Kf4 55. Kc5 f5 56. exf5= Kxf5 57. Kb4 Kf4 58. Kc3 Ke3 59. Kc4 Ra7 60. Kc3 Rc7+
61. Kb3 Kd3 62. Rf2 Ra7 63. Ka2 Ra4 64. Rf1 Ke3 65. Rc1 Rd4 66. Kxa3 Rd2 67. Rc3+ Kd4 68. Kb4 Rxg2 69. Rc1 Rg3 70. Rh1 Rxf3
71. Rh2 Rg3 72. Kb5 Ke3 73. Kc4 Kf3 74. Kd4 Rg2 75. Rh1 Kf2 76. Ra1 Rg3 77. Ra2+ Kg1
0-1

[Event "mature chess players"]
[Site "SchemingMind.com"]
[Date "2006.12.06"]
[Round "-"]
[White "Tanis"]
[Black "Gambiteer"]
[Result "0-1"]
[WhiteCountry "CHN"]
[BlackCountry "ENG"]
[WhiteElo "2000"]
[WhiteRD "77"]
[BlackElo "2139"]
[BlackRD "62"]
[GameID "80145"]

1. e4 c5 2. Nf3 Nf6 3. Nc3 Nc6 4. Bc4 e6 5. Qe2 d6 6. O-O Be7 7. d3 O-O 8. Bb3 Nd4 9. Nxd4 cxd4 10. Nb1 Bd7
11. Nd2 a5 12. a3 a4 13. Ba2 Qc7 14. Nb1 Rfc8 15. c3 Ra5 16. Bf4 Rc5 17. Re1 e5 18. Bg3 b5 19. h3 Be6 20. Bxe6 fxe6
21. Rc1 Rf8 22. Rc2 Rc6 23. Bh4 d5 24. Bg3 dxe4 25. dxe4 Rc5 26. Rd2 Qc6 27. f3 Nh5 28. Bf2 Rd8 29. g3 Qe8 30. Kh2 Qg6
31. Qe3 dxe3
0-1

[Event "mature chess players"]
[Site "SchemingMind.com"]
[Date "2006.12.06"]
[Round "-"]
[White "Tanis"]
[Black "Aumonde"]
[Result "0-1"]
[WhiteCountry "CHN"]
[BlackCountry "USA"]
[WhiteElo "2011"]
[WhiteRD "83"]
[BlackElo "2212"]
[BlackRD "60"]
[GameID "80146"]

1. e4 e6 2. Nf3 d5 3. e5 c5 4. b4 cxb4 5. d4 Nc6 6. c3 f6 7. exf6 Nxf6 8. c4 Bd6 9. Bb2 O-O 10. Bd3 a5
11. O-O a4 12. Re1 Ng4 13. c5 Bc7 14. Qc2 a3 15. Nxa3 bxa3 16. Bc3 Rxf3 17. gxf3 Nxh2 18. Bxh7+ Kh8 19. Red1 Qg5+ 20. Kh1 Qh4
0-1

[Event "mature chess players"]
[Site "SchemingMind.com"]
[Date "2006.12.04"]
[Round "-"]
[White "Tanis"]
[Black "Miael_"]
[Result "1-0"]
[WhiteCountry "CHN"]
[BlackCountry "ARG"]
[WhiteElo "2011"]
[WhiteRD "83"]
[BlackElo "1647"]
[BlackRD "71"]
[GameID "80147"]

1. e4 e5 2. Nf3 Nc6 3. Bb5 a6 4. Ba4 Nf6 5. d4 b5 6. Bb3 Bd6 7. dxe5 Nxe5 8. Nxe5 Bxe5 9. f4 Bxf4 10. Bxf4 Nxe4
11. Qd5 c6 12. Qxf7#
1-0